00660nam a22001697a 450000500170000001000130001702000260003003500110005603700130006708200110008010000410009124501310013224600960026326000510035927000570041030000230046720211202121943.0 aUR-11347 c200.00a9789390533046 aU-9902 bDBAD/PUB a840.08 aمعر ا ج ا حمد معر ا ج  aڈ ا کٹرمنا ظر عا شق ہر گا نو ی کے منتخب ا د ا ر يۓ cمعر ا ج ا حمد معر ا ج  aManazir Ashiq Harganvi Ke Muntakhib Edarie:Tajazie Wa Tabsire Urdu)bby Mehraj Ahmed Meraj aN.Delhic2020 ءbEducational Publishing House aD1/16,Ansari Road,Darya Ganj,bNew Delhie110002l - a128 ص c22 Cm(Hb)